Relaçam annal das covsas qve fezeram os padres da Companhai de Iesvs nas partes da India Oriental, & no Brasil, Angola, Cabo verde, Guine, (Record no. 1648)
[ view plain ]
| 000 -LEADER | |
|---|---|
| fixed length control field | 01392cam a22003611 4500 |
| 001 - CONTROL NUMBER | |
| control field | data |
| 005 - DATE AND TIME OF LATEST TRANSACTION | |
| control field | 20260322212111.0 |
| 008 - FIXED-LENGTH DATA ELEMENTS--GENERAL INFORMATION | |
| fixed length control field | data |
| 035 ## - SYSTEM CONTROL NUMBER | |
| System control number | 7725230 |
| 010 ## - LIBRARY OF CONGRESS CONTROL NUMBER | |
| LC control number | 02002321 |
| 035 ## - SYSTEM CONTROL NUMBER | |
| -- | (DLC) 02002321 |
| 040 ## - CATALOGING SOURCE | |
| Original cataloging agency | DLC |
| Language of cataloging | eng |
| Transcribing agency | CarP |
| Modifying agency | DLC |
| 043 ## - GEOGRAPHIC AREA CODE | |
| Geographic area code | s-bl--- |
| -- | s-bl--- |
| 050 00 - LIBRARY OF CONGRESS CALL NUMBER | |
| Classification number | BV2290 |
| Item number | .G8 |
| 100 1# - MAIN ENTRY--PERSONAL NAME | |
| Personal name | Guerreiro, Fernāo, |
| Dates associated with a name | 1550?-1617. |
| 245 10 - TITLE STATEMENT | |
| Title | Relaçam annal das covsas qve fezeram os padres da Companhai de Iesvs nas partes da India Oriental, & no Brasil, Angola, Cabo verde, Guine, |
| Statement of responsibility, etc. | nos annos de seiscentos & dous & seiscentos & tres, & do processo da conuersam, & christandade daquellas partes, tirada das cartas dos mesmos padres que de là vieram. |
| 260 ## - PUBLICATION, DISTRIBUTION, ETC. | |
| Place of publication, distribution, etc. | Em Lisboa : |
| Name of publisher, distributor, etc. | impressor de liuros, |
| -- | impressor de liuros, |
| Date of publication, distribution, etc. | Anno 1605. |
| 300 ## - PHYSICAL DESCRIPTION | |
| Extent | 2 p.l., 54, 140 (i.e. 144) numb. l. |
| Dimensions | 18 cm. |
| 336 ## - CONTENT TYPE | |
| Content type term | text |
| Content type code | txt |
| Source | rdacontent |
| 337 ## - MEDIA TYPE | |
| Media type term | unmediated |
| Media type code | n |
| Source | rdamedia |
| 338 ## - CARRIER TYPE | |
| Carrier type term | volume |
| Carrier type code | nc |
| Source | rdacarrier |
| 610 20 - SUBJECT ADDED ENTRY--CORPORATE NAME | |
| Corporate name or jurisdiction name as entry element | Jesuits |
| General subdivision | Missions. |
| 650 #0 - SUBJECT ADDED ENTRY--TOPICAL TERM | |
| Topical term or geographic name entry element | Missions |
| Geographic subdivision | Japan. |
| 650 #0 - SUBJECT ADDED ENTRY--TOPICAL TERM | |
| Topical term or geographic name entry element | Missions |
| Geographic subdivision | China. |
| 650 #0 - SUBJECT ADDED ENTRY--TOPICAL TERM | |
| Topical term or geographic name entry element | Missions |
| Geographic subdivision | India. |
| 650 #0 - SUBJECT ADDED ENTRY--TOPICAL TERM | |
| Topical term or geographic name entry element | Missions |
| Geographic subdivision | Brazil. |
| 906 ## - LOCAL DATA ELEMENT F, LDF (RLIN) | |
| a | 0 |
| b | cbc |
| c | premunv |
| d | u |
| e | ncip |
| f | 19 |
| g | y-gencatlg |
| 985 ## - | |
| -- | rblacfederal |
| -- | 20190214 |
| 991 ## - | |
| -- | c-GenColl |
| -- | BV2290 |
| -- | .G8 |
| -- | Copy 1 |
| -- | PREM |
| Withdrawn status | Lost status | Damaged status | Not for loan | Home library | Current library | Shelving location | Date acquired | Total checkouts | Full call number | Barcode | Date last seen | Price effective from | Koha item type |
|---|---|---|---|---|---|---|---|---|---|---|---|---|---|
| Institut Protestant de Théologie | Institut Protestant de Théologie | General stacks | 22/03/2026 | BV2290 | LOC-IPT-00039 | 22/03/2026 | 22/03/2026 | Books |